Missing Word: 'D' #1s Quiz Stats

 Plays Quiz Updated Jun 26, 2012

Support Sporcle.
Go Orange.
Score 0/20 Timer 03:00
0 Plays Today
Single Title 'D' Word % Correct
Another One Bites the ____Dust
97.6%
Sweet ____ (Are Made of This)Dreams
93.2%
How ____ Is Your LoveDeep
91.2%
____ QueenDancing
90.4%
____ UnderDown
89.8%
Lucy in the Sky with ____Diamonds
88.8%
(Sittin' on) The ____ of the BayDock
83.7%
Gold ____Digger
79.2%
Rag ____Doll
77.7%
Just ____Dance
77.2%
Single Title 'D' Word % Correct
When ____ CryDoves
73.7%
____ It Like It's HotDrop
69.5%
Jack and ____Diane
69%
____ BelieverDaydream
65.2%
Hey There ____Delilah
63.8%
Coming Out of the ____Dark
59.3%
Delta ____Dawn
57.5%
____ DianaDirty
53.4%
Eve of ____Destruction
35.5%
Sir ____Duke
33.5%

Today's Daily Dose

Missing Word
50 Cent Songs

Word Ladder
Close Gunshot

Quick Pick
Pop Punk Bands

Get the Picture
An 'S' in Disney

From the Vault

Countries of Europe on a Globe

by paradox28

For those of us who haven't taken a Euro-trip in real life, here's one, Sporcle-style.
Remove Ads.
Support Sporcle.
Get the best of Sporcle when you Go Orange. This ad-free experience offers more features, more stats, and more fun while also helping to support Sporcle. Thank you for becoming a member.

Show Comments

Extras

Top Quizzes Today


Score Distribution

Your Account Isn't Verified!

In order to create a playlist on Sporcle, you need to verify the email address you used during registration. Go to your Sporcle Settings to finish the process.

Report this User

Report this user for behavior that violates our Community Guidelines.

Details: